000 00294nam a2200109Ia 4500
008 171204s9999 xx 000 0 und d
245 4 _aThe Essential World History:
245 _cWilliam J. Duiker
260 _c2007
650 _xHistory
856 _uhttp://down.ebook777.com/063/0495097292.pdf
999 _c345561
_d345561